000 00501nam a2200157 a 4500
001 000044567
005 20201002045452.0
008 140717s1967 sp a 000 0 spa d
040 _aDO-SdBNP
_bspa
_cBNPHU
082 _axxxx
_bxxxx
100 1 _aCalle, Ramiro A.
_968972
245 1 0 _aYoga :
_brefugio y esperanza /
_cRamiro A. Calle ; portada e ilustraciones de José Manuel Muñoz.
260 _aBarcelona :
_bCedel,
_c1967.
300 _a301 P. :
_bil ;
_c17 cm.
500 _aBibliografía : p. 290-296
999 _c44056
_d44056